Normal view
MARC view
Entry Personal Name
001 - CONTROL NUMBER
- control field: 14213
003 - CONTROL NUMBER IDENTIFIER
- control field: ARRUPE
005 - DATE AND TIME OF LATEST TRANSACTION
- control field: 20150119163433.0
008 - FIXED-LENGTH DATA ELEMENTS
- fixed length control field: 150119|| aca||aabn | a|a d
040 ## - CATALOGING SOURCE
- Original cataloging agency: ARRUPE
- Transcribing agency: ARRUPE
100 ## - HEADING--PERSONAL NAME
- Personal name:
- Fuller form of name: Feinberg, Joseph George
670 ## - SOURCE DATA FOUND
- Source citation: Work cat.: (ARRUPE): Feinberg, J.G. 14212, The story of Atomic Theory and Atomic Energy, 1960.